The public control of land use control through fiscal policy, and the physical control of land by R.Walton with commentaries by A.R.Mellows and C.H.Peters (Record no. 94775)
[ view plain ]
| 000 -LEADER | |
|---|---|
| fixed length control field | 00586cam a2200193 4500 |
| 001 - CONTROL NUMBER | |
| control field | D1760 |
| 008 - FIXED-LENGTH DATA ELEMENTS--GENERAL INFORMATION | |
| fixed length control field | 090401t1966 xxu||||| |||| 00| 0 eng d |
| 035 ## - SYSTEM CONTROL NUMBER | |
| System control number | (Sirsi) u65621 |
| 041 ## - LANGUAGE CODE | |
| Language code of text/sound track or separate title | eng |
| 050 ## - LIBRARY OF CONGRESS CALL NUMBER | |
| Classification number | 333.7 |
| 100 ## - MAIN ENTRY--PERSONAL NAME | |
| Personal name | Britton, W. |
| 245 #4 - TITLE STATEMENT | |
| Title | The public control of land use control through fiscal policy, and the physical control of land by R.Walton with commentaries by A.R.Mellows and C.H.Peters |
| 260 ## - PUBLICATION, DISTRIBUTION, ETC. | |
| Place of publication, distribution, etc. | London |
| Name of publisher, distributor, etc. | College of Estate Management |
| Date of publication, distribution, etc. | 1966 |
| 300 ## - PHYSICAL DESCRIPTION | |
| Extent | 36p. 21cm |
| 350 ## - PRICE (NR) (BK AM CF MU VM SE) [OBSOLETE] | |
| Price | 0.3 |
| 490 ## - SERIES STATEMENT | |
| Series statement | Occasional Paper |
| Volume/sequential designation | s 2 |
| 942 ## - ADDED ENTRY ELEMENTS (KOHA) | |
| Suppress in OPAC | 0 |
| 948 ## - LOCAL PROCESSING INFORMATION (OCLC); SERIES PART DESIGNATOR (RLIN) | |
| c (OCLC) | 04/03/1997 |
| Withdrawn status | Lost status | Source of classification or shelving scheme | Damaged status | Not for loan | Home library | Current library | Shelving location | Date acquired | Cost, normal purchase price | Total Checkouts | Full call number | Barcode | Date last seen | Copy number | Cost, replacement price | Price effective from | Koha item type |
|---|---|---|---|---|---|---|---|---|---|---|---|---|---|---|---|---|---|
| Dewey Decimal Classification | London | London | Basement | 14/09/1999 | 0.30 | SHELF 113 | 30002734 | 06/08/2019 | 1 | 0.30 | 06/08/2019 | Book |